| 000 | 00592nam a2200229Ia 4500 | ||
|---|---|---|---|
| 005 | 20220718163258.0 | ||
| 008 | 140110s9999 xx 000 0 und d | ||
| 020 |
_a9780300106367 _cRs 1582 |
||
| 040 | _aLoreto College | ||
| 041 | _aEnglish | ||
| 082 |
_a803 _bMIK |
||
| 100 | _aMikics, David | ||
| 245 | 2 |
_aA handbook of literary terms _cDavid Mikics |
|
| 260 |
_aNew Haven and London _bYale University Press _c2007 |
||
| 300 | _axi,348p | ||
| 504 | _aIncludes index | ||
| 630 | _aCriticism | ||
| 650 | _aLiterary Terms | ||
| 651 | _aLiterature | ||
| 850 | _aLCLIB | ||
| 942 | _cBK | ||
| 999 |
_c20258 _d70737 |
||